000 00734nam a2200241Ia 4500
003 OSt
005 20220926013514.0
006 a|||||r|||| 00| 0
007 ta
008 220923b |||||||| |||| 00| 0 eng d
037 _cGeneral Book
040 _aRTL
_cRTL
_beng
041 _2eng
_aeng
082 _aY9(T)a41.N7, L2
100 _aFraser Stewart E
_9149379
245 0 _aChinese aducation and society
_b A bibliographic gu
260 _aNew York
_bInternational Arts and Sciences Pres
_c1972
300 _a204p
_ccm.
650 _aSociology of Education
700 _a Hsu Kuangliagg
_9318467
942 _hY9(T)a41.N7, L2
_cGB
_2CC
999 _c626119
_d626119